[Event "Rallar op-A"]
[Site "Narvik"]
[Date "2007.04.22"]
[Round "5"]
[White "Stenmark, Bo"]
[Black "Pettersson, Tobias"]
[Result "1-0"]
[WhiteElo "1784"]
[BlackElo "2122"]
[PlyCount "109"]
[EventDate "2007.04.20"]
[EventType "swiss"]
[EventRounds "5"]
[EventCountry "NOR"]
[SourceTitle "EXT 2008"]
[Source "ChessBase"]
[SourceDate "2007.11.25"]
[SourceVersion "1"]
[SourceVersionDate "2007.11.25"]
[SourceQuality "1"]

1. e4 d6 2. d4 Nf6 3. Nc3 g6 4. f4 Bg7 5. Nf3 0-0 6. Be2 c5 7. 0-0 cxd4 8. Nxd4 Nfd7 9. Kh1 Nc6 10. Nf3 a6 11. Qe1 e6 12. Be3 Nb4 13. Qd2 d5 14. Nxd5 Nxd5 15. exd5 exd5 16. Qxd5 Qe7 17. Ne5 Nxe5 18. fxe5 Qxe5 19. Qxe5 Bxe5 20. Bc5 Re8 21. Bf3 Bxb2 22. Rab1 Be5 23. Bd5 Be6 24. Bxb7 Bxa2 25. Bxa8 Bxb1 26. Bd5 Rc8 27. Bb4 Bxc2 28. Rxf7 Kh8 29. Bb7 Rc4 30. Bf8 Bd3 31. Bh6 Bg7 32. Rxg7 Rc1+ 33. Bxc1 Kxg7 34. Bd2 Kf6 35. Kg1 Ke5 36. Kf2 Bc4 37. Kf3 h5 38. Kg3 Kf5 39. Bc8+ Kf6 40. Kh4 Be2 41. Bc3+ Kf7 42. Kg5 Bd3 43. Bb7 Kg8 44. Bf3 Kh7 45. Bxh5 gxh5 46. Kxh5 Bg6+ 47. Kg5 Bd3 48. g4 Bc2 49. h4 Bd1 50. h5 Be2 51. Kh4 Bd1 52. g5 Be2 53. g6+ Kh6 54. Bd2+ Kg7 55. Kg5 1-0

[Event "Rallar op-A"]
[Site "Narvik"]
[Date "2007.04.21"]
[Round "3"]
[White "Solberg, Joachim Krokvik"]
[Black "Stenmark, Bo"]
[Result "1-0"]
[WhiteElo "2126"]
[BlackElo "1784"]
[PlyCount "53"]
[EventDate "2007.04.20"]
[EventType "swiss"]
[EventRounds "5"]
[EventCountry "NOR"]
[SourceTitle "EXT 2008"]
[Source "ChessBase"]
[SourceDate "2007.11.25"]
[SourceVersion "1"]
[SourceVersionDate "2007.11.25"]
[SourceQuality "1"]

1. Nc3 c5 2. e4 Nc6 3. Bb5 d6 4. d4 cxd4 5. Qxd4 Bd7 6. Bxc6 bxc6 7. Nf3 Qb6 8. Qd3 g6 9. 0-0 Bg7 10. Re1 Nf6 11. h3 0-0 12. Rb1 Be6 13. Be3 Qa5 14. Nd4 Bd7 15. f4 e5 16. Nb3 Qc7 17. Rbd1 Ne8 18. fxe5 Bxe5 19. Nd4 f5 20. Qc4+ Kh8 21. exf5 Bxf5 22. Qxc6 Qd8 23. Nxf5 Rxf5 24. Bd4 Rc8 25. Qe4 Nf6 26. Bxe5 Qb6+ 27. Bd4 1-0